Problem-solving cases in microsoft access and excel. / (Record no. 995)

MARC details
000 -LEADER
fixed length control field 01018nam a22002297a 4500
005 - DATE AND TIME OF LATEST TRANSACTION
control field 20210414113947.0
008 - FIXED-LENGTH DATA ELEMENTS--GENERAL INFORMATION
fixed length control field 120529t xxu||||| |||| 00| 0 eng d
020 ## - INTERNATIONAL STANDARD BOOK NUMBER
International Standard Book Number 13: 9781423901396
050 ## - LIBRARY OF CONGRESS CALL NUMBER
Classification number HF5548.M525.B732
100 ## - MAIN ENTRY--PERSONAL NAME
Personal name Brady, Joseph A.
245 ## - TITLE STATEMENT
Title Problem-solving cases in microsoft access and excel. /
Statement of responsibility, etc. Joseph Brady and Ellen F. Monk
250 ## - EDITION STATEMENT
Edition statement 5 th edition
260 ## - PUBLICATION, DISTRIBUTION, ETC.
Place of publication, distribution, etc. Australia:
Name of publisher, distributor, etc. Thomson Course Technology,
Date of publication, distribution, etc. 2008.
300 ## - PHYSICAL DESCRIPTION
Extent viii, 230 p. :
Other physical details ill. ;
Dimensions 27.5 cm.
500 ## - GENERAL NOTE
General note Includes index.
505 ## - FORMATTED CONTENTS NOTE
Formatted contents note Contents: Database cases using access -- Decision support cases using excel scenario manager -- Decision support cases using the excel solver -- Decision support cases using basic excel functionality -- Integration case: using access and excel -- Advanced excel skills using excel -- Presentation skills.
650 ## - SUBJECT ADDED ENTRY--TOPICAL TERM
Topical term or geographic name entry element Microsoft Access.
650 ## - SUBJECT ADDED ENTRY--TOPICAL TERM
Topical term or geographic name entry element Microsoft Excel (Computer file)
650 ## - SUBJECT ADDED ENTRY--TOPICAL TERM
Topical term or geographic name entry element Business
General subdivision Computer programs.
700 ## - ADDED ENTRY--PERSONAL NAME
Personal name Monk, Ellen F.
942 ## - ADDED ENTRY ELEMENTS (KOHA)
Source of classification or shelving scheme Library of Congress Classification
Koha item type Books
Holdings
Withdrawn status Lost status Source of classification or shelving scheme Damaged status Not for loan Home library Current library Shelving location Date acquired Total Checkouts Full call number Barcode Date last seen Copy number Price effective from Koha item type
    Library of Congress Classification     WISCONSIN INTERNATIONAL UNIVERSITY COLLEGE, GHANA - MAIN LIBRARY WISCONSIN INTERNATIONAL UNIVERSITY COLLEGE, GHANA - MAIN LIBRARY General Stacks 29/05/2012   HF5548.M525.B73 2525/12 29/05/2012 1 29/05/2012 Books
    Library of Congress Classification     WISCONSIN INTERNATIONAL UNIVERSITY COLLEGE, GHANA - MAIN LIBRARY WISCONSIN INTERNATIONAL UNIVERSITY COLLEGE, GHANA - MAIN LIBRARY General Stacks 29/05/2012   HF5548.M525.B731 2526/12 29/05/2012 2 29/05/2012 Books
    Library of Congress Classification     WISCONSIN INTERNATIONAL UNIVERSITY COLLEGE, GHANA - MAIN LIBRARY WISCONSIN INTERNATIONAL UNIVERSITY COLLEGE, GHANA - MAIN LIBRARY General Stacks 29/05/2012   HF5548.M525.B732 2527/12 29/05/2012 3 29/05/2012 Books
    Library of Congress Classification     WISCONSIN INTERNATIONAL UNIVERSITY COLLEGE, GHANA - MAIN LIBRARY WISCONSIN INTERNATIONAL UNIVERSITY COLLEGE, GHANA - MAIN LIBRARY General Stacks 29/05/2012   HF5548.M525.B733 2528/12 29/05/2012 4 29/05/2012 Books
    Library of Congress Classification     WISCONSIN INTERNATIONAL UNIVERSITY COLLEGE, GHANA - MAIN LIBRARY WISCONSIN INTERNATIONAL UNIVERSITY COLLEGE, GHANA - MAIN LIBRARY General Stacks 29/05/2012   HF5548.M525.B734 2529/12 29/05/2012 5 29/05/2012 Books
    Library of Congress Classification     WISCONSIN INTERNATIONAL UNIVERSITY COLLEGE, GHANA - MAIN LIBRARY WISCONSIN INTERNATIONAL UNIVERSITY COLLEGE, GHANA - MAIN LIBRARY General Stacks 29/05/2012   HF5548.M525.B735 2530/12 29/05/2012 6 29/05/2012 Books
    Library of Congress Classification     WISCONSIN INTERNATIONAL UNIVERSITY COLLEGE, GHANA - MAIN LIBRARY WISCONSIN INTERNATIONAL UNIVERSITY COLLEGE, GHANA - MAIN LIBRARY General Stacks 29/05/2012   HF5548.M525.B736 2531/12 29/05/2012 7 29/05/2012 Books

If you have any concerns or questions; kindly contact the library


© Powered by WIUC ICT DIRECTORATE